<?xml version="1.0" encoding="UTF-8"?>
<record
    xmlns:xsi="http://www.w3.org/2001/XMLSchema-instance"
    xsi:schemaLocation="http://www.loc.gov/MARC21/slim http://www.loc.gov/standards/marcxml/schema/MARC21slim.xsd"
    xmlns="http://www.loc.gov/MARC21/slim">

  <leader>01767nas a2200277Ia 4500</leader>
  <controlfield tag="001">R052-S4687</controlfield>
  <controlfield tag="003">IT-CnALBA</controlfield>
  <controlfield tag="008">170116c99999999xx ||||||||||||   ||und||</controlfield>
  <datafield tag="040" ind1=" " ind2=" ">
    <subfield code="a">IT-CnALBA</subfield>
    <subfield code="c">IT-CnALBA</subfield>
  </datafield>
  <datafield tag="041" ind1=" " ind2=" ">
    <subfield code="a">ITALIANO</subfield>
  </datafield>
  <datafield tag="100" ind1=" " ind2=" ">
    <subfield code="a">MIDALI MARIO, SDB.</subfield>
  </datafield>
  <datafield tag="210" ind1=" " ind2=" ">
    <subfield code="a">VITA CONSACRATA</subfield>
  </datafield>
  <datafield tag="222" ind1=" " ind2=" ">
    <subfield code="a">VITA CONSACRATA</subfield>
  </datafield>
  <datafield tag="245" ind1=" " ind2="0">
    <subfield code="a">VITA CONSACRATA. MARZO APRILE 2000. </subfield>
  </datafield>
  <datafield tag="250" ind1=" " ind2=" ">
    <subfield code="a">1a ed.</subfield>
  </datafield>
  <datafield tag="260" ind1=" " ind2=" ">
    <subfield code="a"> MILANO - BOLOGNA</subfield>
    <subfield code="b">ANCORA EDITRICE </subfield>
    <subfield code="c">2000 [1&#xB0; Ed.:2000 - Ed.Ling.Originale: 2000]</subfield>
  </datafield>
  <datafield tag="300" ind1=" " ind2=" ">
    <subfield code="a">110 p. </subfield>
  </datafield>
  <datafield tag="310" ind1=" " ind2=" ">
    <subfield code="a">BIMESTRALE</subfield>
  </datafield>
  <datafield tag="362" ind1=" " ind2=" ">
    <subfield code="a">Fascicolo: 2 / Anno: 36 (2000)</subfield>
  </datafield>
  <datafield tag="500" ind1=" " ind2=" ">
    <subfield code="a">NUOVE FORME VITA CONSACRATA. LETTURA TEOLOGICA. RELAZIONI GENERAZIONI NELLA VITA CONSACRATA. CHIESA LOCALE. ISTRUZIONE VERBI SPONSA E VITA CONTEMPLATIVA CLAUSTRALE. COMUNIT&#xC0; FACENTE SPAZIO AL DESIDERIO. DIRE LA VITA CONSACRATA NEL NOSTRO TEMPO. PAROLE. VITA FRATERNA, NUOVA EVANGELIZZAZIONE. SANTA MAESTRA DI VITA PER L'ERUROPA DEL NUOVO TEMPO. IL DECLINO DELLE VOCAZIONI RELIGIOSE. L'ICONA DELLA TRINIT&#xC0;. CARBONE S. RECCHI S. SARTORIO V. GARDIN A. FAMIGLIETTI T. ANGE D. </subfield>
  </datafield>
  <datafield tag="501" ind1=" " ind2=" ">
    <subfield code="a">Societ&#xE0; San Paolo EM - Piazza San Paolo, 14 - 12051 ALBA (CN)  (non commercial uses only) &#xAE; Copyright 2017</subfield>
  </datafield>
  <datafield tag="520" ind1=" " ind2=" ">
    <subfield code="a">NUOVE FORME VITA CONSACRATA. LETTURA TEOLOGICA. RELAZIONI GENERAZIONI NELLA VITA CONSACRATA. CHIESA LOCALE. ISTRUZIONE VERBI SPONSA E VITA CONTEMPLATIVA CLAUSTRALE. COMUNIT&#xC0; FACENTE SPAZIO AL DESIDERIO. DIRE LA VITA CONSACRATA NEL NOSTRO TEMPO. PAROLE. VITA FRATERNA, NUOVA EVANGELIZZAZIONE. SANTA MAESTRA DI VITA PER L'ERUROPA DEL NUOVO TEMPO. IL DECLINO DELLE VOCAZIONI RELIGIOSE. L'ICONA DELLA TRINIT&#xC0;. CARBONE S. RECCHI S. SARTORIO V. GARDIN A. FAMIGLIETTI T. ANGE D. </subfield>
  </datafield>
  <datafield tag="650" ind1=" " ind2=" ">
    <subfield code="a">TEOLOGIA SPIRITUALE</subfield>
  </datafield>
  <datafield tag="942" ind1=" " ind2=" ">
    <subfield code="c">CR</subfield>
  </datafield>
  <datafield tag="957" ind1=" " ind2=" ">
    <subfield code="7">1</subfield>
  </datafield>
  <datafield tag="999" ind1=" " ind2=" ">
    <subfield code="a">66577</subfield>
    <subfield code="b">NO</subfield>
    <subfield code="g">1</subfield>
    <subfield code="c">332940</subfield>
    <subfield code="d">332940</subfield>
  </datafield>
  <datafield tag="952" ind1=" " ind2=" ">
    <subfield code="0">0</subfield>
    <subfield code="1">0</subfield>
    <subfield code="4">0</subfield>
    <subfield code="6">R_052S4687</subfield>
    <subfield code="7">1</subfield>
    <subfield code="a">ALBA</subfield>
    <subfield code="b">ALBA</subfield>
    <subfield code="d">2017-01-16</subfield>
    <subfield code="l">0</subfield>
    <subfield code="o">R052-S4687</subfield>
    <subfield code="r">2017-01-16 00:00:00</subfield>
    <subfield code="w">2017-01-16</subfield>
    <subfield code="y">CR</subfield>
    <subfield code="z">(data import: 16 gennaio 2017) - By Epidotti, Vaglietti. </subfield>
  </datafield>
</record>
